[Event "ESP-ch U12 rapid"]
[Site "Salobrena"]
[Date "2023.07.16"]
[Round "7"]
[White "Mellado Sais, Carles"]
[Black "Sanchez Villodres, Mario"]
[Result "1/2-1/2"]
[WhiteElo "1651"]
[BlackElo "1298"]
[PlyCount "170"]
[EventDate "2023.07.15"]
[EventType "swiss (rapid)"]
[EventRounds "9"]
[EventCountry "ESP"]
[SourceTitle "EXT 2024"]
[Source "ChessBase"]
[SourceDate "2023.10.10"]
[SourceVersion "1"]
[SourceVersionDate "2023.10.10"]
[SourceQuality "1"]

1. d4 e6 2. c4 Nf6 3. Nc3 d5 4. Nf3 Be7 5. a3 0-0 6. Bf4 a6 7. e3 dxc4 8. Bxc4 b5 9. Bd3 Bb7 10. 0-0 Nbd7 11. e4 c5 12. e5 Nd5 13. Nxd5 Bxd5 14. Rc1 c4 15. Bb1 g6 16. Re1 Nb6 17. Be4 Bxe4 18. Rxe4 Nd5 19. Bg3 Rc8 20. Re1 c3 21. bxc3 Nxc3 22. Qd3 Nd5 23. h4 Nb6 24. h5 Qd7 25. hxg6 fxg6 26. Qe3 Kg7 27. Bf4 Rf5 28. g4 Rf7 29. Bh6+ Kg8 30. Rxc8+ Qxc8 31. Ng5 Bxg5 32. Bxg5 Nd5 33. Qd3 Qf8 34. Qg3 Rf3 35. Qg2 Rxa3 36. Qe4 Ra2 37. Bh4 Nf4 38. Qe3 Nd5 39. Qe4 b4 40. Rb1 Nc3 41. Qd3 Nxb1 42. Qxb1 Ra3 43. Bg5 Qf3 44. Be3 Qxg4+ 45. Kf1 Qf3 46. Kg1 a5 47. Qc2 Ra1+ 48. Bc1 Qg4+ 49. Kh2 Qh4+ 50. Kg2 Qg4+ 51. Kh2 Qh4+ 52. Kg2 Rxc1 53. Qxc1 Qxd4 54. Qc8+ Kg7 55. Qxe6 Qd8 56. Qg4 Qe7 57. e6 Kf6 58. Qf4+ Kxe6 59. Qe4+ Kf6 60. Qh4+ Ke6 61. Qe4+ Kd6 62. Qd4+ Kc6 63. Qc4+ Qc5 64. Qa6+ Kd5 65. Qd3+ Ke5 66. Qg3+ Kf6 67. Qf4+ Kg7 68. Qd2 Qc6+ 69. Kg1 Qf6 70. Qd7+ Qf7 71. Qd4+ Kg8 72. Qd8+ Qf8 73. Qxa5 Kg7 74. Qc7+ Kh6 75. Qc4 Kg7 76. Qc7+ Kh6 77. Qc4 Kg7 78. Qc7+ Kh6 79. Qc4 Qe7 80. Kg2 Qg5+ 81. Kf1 Qe7 82. Kg2 Qb7+ 83. Kg1 Qe7 84. Kg2 Qg5+ 85. Kf1 Qe7 1/2-1/2

[Event "ESP-ch U12 rapid"]
[Site "Salobrena"]
[Date "2023.07.16"]
[Round "8"]
[White "Sanchez Villodres, Mario"]
[Black "De Martin Burtseva, Ivan"]
[Result "1/2-1/2"]
[WhiteElo "1298"]
[BlackElo "1533"]
[PlyCount "91"]
[EventDate "2023.07.15"]
[EventType "swiss (rapid)"]
[EventRounds "9"]
[EventCountry "ESP"]
[SourceTitle "EXT 2024"]
[Source "ChessBase"]
[SourceDate "2023.10.10"]
[SourceVersion "1"]
[SourceVersionDate "2023.10.10"]
[SourceQuality "1"]

1. d4 e6 2. c4 d5 3. Nf3 Nf6 4. Nc3 Bb4 5. Bg5 c6 6. e3 Nbd7 7. cxd5 cxd5 8. Bd3 b6 9. 0-0 Bb7 10. Rc1 0-0 11. a3 Bd6 12. Nb5 Qe7 13. Nxd6 Qxd6 14. Bf4 Qe7 15. Rc7 Bc8 16. Bb5 a6 17. Bc6 Rb8 18. Ra7 e5 19. Nxe5 Bb7 20. Nxd7 Bxc6 21. Nxf6+ Qxf6 22. Bxb8 Rxb8 23. Rxa6 Bb5 24. Ra7 Bxf1 25. Qxf1 h5 26. Rc7 Qd6 27. Qc1 Qe6 28. Rc6 Qd7 29. Qc2 b5 30. Rc7 Qe6 31. b3 g6 32. h3 b4 33. a4 Kg7 34. Qc6 Qf5 35. Qc2 Qe6 36. Rc5 Kh7 37. Qd3 Kg7 38. Qc2 Kh7 39. Rc6 Qe7 40. Qc5 Qe4 41. Qc2 Qe7 42. Rc7 Qe6 43. Rc5 Kg7 44. Qe2 Qf5 45. Qc2 Qe6 46. Rb5 1/2-1/2

[Event "ESP-ch U12"]
[Site "Salobrena"]
[Date "2023.07.10"]
[Round "2"]
[White "Sanchez Villodres, Mario"]
[Black "Herman Gamazo, Isaac"]
[Result "0-1"]
[WhiteElo "1474"]
[BlackElo "2010"]
[PlyCount "84"]
[EventDate "2023.07.10"]
[EventType "swiss"]
[EventRounds "9"]
[EventCountry "ESP"]
[SourceTitle "EXT 2024"]
[Source "ChessBase"]
[SourceDate "2023.10.10"]
[SourceVersion "1"]
[SourceVersionDate "2023.10.10"]
[SourceQuality "1"]

1. d4 Nf6 2. c4 g6 3. Nc3 Bg7 4. e4 d6 5. Nf3 0-0 6. Be2 e5 7. d5 a5 8. Bg5 h6 9. Be3 Ng4 10. Bd2 f5 11. h3 Nf6 12. exf5 gxf5 13. Qc1 f4 14. Qc2 Qe8 15. 0-0-0 Na6 16. a3 Nc5 17. Nh4 a4 18. Kb1 Nb3 19. Ka2 Nd4 20. Qg6 Nxe2 21. Nxe2 Qxg6 22. Nxg6 Rf7 23. Nc3 Bf5 24. Nh4 Bd3 25. Be1 Bxc4+ 26. Ka1 Nd7 27. Nf3 Nc5 28. Nd2 Bd3 29. f3 b5 30. Nce4 Bc2 31. Rc1 Nb3+ 32. Nxb3 axb3 33. Bd2 Rff8 34. Rhg1 Rfb8 35. g4 b4 36. g5 h5 37. Nf6+ Bxf6 38. gxf6+ Kf7 39. h4 bxa3 40. bxa3 b2+ 41. Ka2 bxc1Q 42. Rxc1 Rb3 0-1

[Event "ESP-ch U12 Rapid"]
[Site "Salobrena"]
[Date "2022.07.17"]
[Round "9"]
[White "Herraiz Ciudad, Miguel"]
[Black "Sanchez Villodres, Mario"]
[Result "1/2-1/2"]
[WhiteElo "1417"]
[BlackElo "1281"]
[PlyCount "116"]
[EventDate "2022.07.09"]
[EventType "swiss (rapid)"]
[EventRounds "9"]
[EventCountry "ESP"]
[SourceTitle "EXT 2023"]
[Source "ChessBase"]
[SourceDate "2022.10.05"]
[SourceVersion "1"]
[SourceVersionDate "2022.10.05"]
[SourceQuality "1"]

1. e4 e6 2. d4 d5 3. Nd2 dxe4 4. Nxe4 Nd7 5. Nf3 Ngf6 6. Bd3 c5 7. 0-0 Nxe4 8. Bxe4 Nf6 9. Bd3 cxd4 10. Nxd4 Be7 11. Nf3 0-0 12. Bf4 b6 13. Re1 Bb7 14. h3 Nd5 15. Bh2 Rc8 16. c3 Nf6 17. Qe2 Bd6 18. Rad1 Bxh2+ 19. Kxh2 Qc7+ 20. Kg1 Rcd8 21. Ne5 h6 22. Ng4 Nxg4 23. Qxg4 Kh8 24. Bc2 f5 25. Qe2 Qc6 26. f3 Rxd1 27. Rxd1 Re8 28. Qe5 Ba6 29. Qd6 Qxd6 30. Rxd6 Bb5 31. a4 Ba6 32. Rd7 Ra8 33. Re7 Bc4 34. b3 Bd5 35. c4 Rc8 36. Rxa7 Kg8 37. Bd3 Bc6 38. a5 bxa5 39. Rxa5 Rd8 40. Be2 Rd2 41. Kf2 Rb2 42. Re5 Kf7 43. Re3 Kf6 44. f4 g5 45. g3 Rb1 46. fxg5+ hxg5 47. Bf3 Rb2+ 48. Be2 f4 49. gxf4 gxf4 50. Rd3 f3 51. Rxf3+ Bxf3 52. Kxf3 Rxb3+ 53. Kg4 Re3 54. Bf1 Re4+ 55. Kf3 Rd4 56. Ke3 Rd7 57. Ke4 Rc7 58. Kd4 e5+ 1/2-1/2

[Event "ESP-ch U12 Rapid"]
[Site "Salobrena"]
[Date "2022.07.17"]
[Round "6"]
[White "Sanchez Villodres, Mario"]
[Black "Feal Albala, Alonso"]
[Result "0-1"]
[WhiteElo "1281"]
[BlackElo "1580"]
[PlyCount "106"]
[EventDate "2022.07.09"]
[EventType "swiss (rapid)"]
[EventRounds "9"]
[EventCountry "ESP"]
[SourceTitle "EXT 2023"]
[Source "ChessBase"]
[SourceDate "2022.10.05"]
[SourceVersion "1"]
[SourceVersionDate "2022.10.05"]
[SourceQuality "1"]

1. d4 d5 2. c4 c6 3. cxd5 cxd5 4. Bf4 Nc6 5. Nc3 Nf6 6. e3 a6 7. Bd3 e6 8. a3 Be7 9. Nf3 0-0 10. 0-0 Nh5 11. Bg3 Nxg3 12. hxg3 h6 13. Ne5 Nxe5 14. dxe5 Qc7 15. f4 Bc5 16. Re1 Qb6 17. Qd2 Bd7 18. Kh1 Bc6 19. b4 Bxe3 20. Rxe3 d4 21. Ree1 dxc3 22. Qxc3 Rac8 23. Qd2 Rfd8 24. Qe2 Rd7 25. f5 Rcd8 26. Red1 Ba4 27. Bc2 Rxd1+ 28. Rxd1 Bxc2 29. Rxd8+ Qxd8 30. Qxc2 exf5 31. Qxf5 Qd5 32. Qc8+ Kh7 33. Qf5+ g6 34. Qf6 Kg8 35. Kh2 Qe6 36. Qxe6 fxe6 37. Kh3 Kf7 38. Kg4 Ke7 39. Kf4 Kd7 40. g4 g5+ 41. Ke4 Kc6 42. Kd4 Kb5 43. g3 b6 44. Kc3 a5 45. bxa5 Kxa5 46. Kc4 Ka4 47. Kd4 Kxa3 48. Kc4 Ka4 49. Kc3 b5 50. Kb2 Kb4 51. Kc2 Ka3 52. Kc3 b4+ 53. Kc2 Ka2 0-1

[Event "ESP-ch U12 Rapid"]
[Site "Salobrena"]
[Date "2022.07.17"]
[Round "8"]
[White "Sanchez Villodres, Mario"]
[Black "Serra Villafranca, Felix"]
[Result "1/2-1/2"]
[WhiteElo "1281"]
[BlackElo "1206"]
[PlyCount "58"]
[EventDate "2022.07.09"]
[EventType "swiss (rapid)"]
[EventRounds "9"]
[EventCountry "ESP"]
[SourceTitle "EXT 2023"]
[Source "ChessBase"]
[SourceDate "2022.10.05"]
[SourceVersion "1"]
[SourceVersionDate "2022.10.05"]
[SourceQuality "1"]

1. d4 c5 2. dxc5 e5 3. Nc3 Bxc5 4. Nf3 d6 5. e4 Nf6 6. Bg5 h6 7. Bh4 g5 8. Bg3 Bg4 9. Bc4 Nc6 10. Bb5 a6 11. Bxc6+ bxc6 12. 0-0 0-0 13. a3 a5 14. Re1 Re8 15. Na4 Ba7 16. Nc3 Rb8 17. Rb1 Nh5 18. Qe2 Qf6 19. Red1 Rbd8 20. Rd3 Nf4 21. Bxf4 Qxf4 22. Rbd1 Qf6 23. h3 Bh5 24. g4 Bg6 25. Nd2 Qe6 26. Rf3 Bd4 27. Rd3 Ba7 28. Rf3 Bd4 29. Rd3 Ba7 1/2-1/2

[Event "Madrid-ch U12"]
[Site "Madrid"]
[Date "2022.04.10"]
[Round "6"]
[White "Rico Ropero, Marcos"]
[Black "Sanchez Villodres, Mario"]
[Result "1-0"]
[WhiteElo "1231"]
[BlackElo "1388"]
[PlyCount "65"]
[EventDate "2022.04.02"]
[EventType "swiss"]
[EventRounds "6"]
[EventCountry "ESP"]
[SourceTitle "EXT 2024"]
[Source "ChessBase"]
[SourceDate "2023.10.10"]
[SourceVersion "1"]
[SourceVersionDate "2023.10.10"]
[SourceQuality "1"]

1. d4 e6 2. e3 Nf6 3. Bd3 d5 4. Nd2 c5 5. c3 Nc6 6. f4 Bd6 7. Ngf3 cxd4 8. cxd4 Nb4 9. Bb1 b6 10. a3 Nc6 11. Ne5 Bb7 12. 0-0 h5 13. Qf3 Rc8 14. Bd3 a6 15. b4 b5 16. Bb2 Qe7 17. Qg3 Qf8 18. Ndf3 Ne4 19. Bxe4 dxe4 20. Ng5 Nd8 21. Qh3 Rh6 22. f5 Qe7 23. fxe6 f6 24. Nef7 Nxf7 25. Nxf7 Rh7 26. Qf5 Rh6 27. Nxh6 gxh6 28. Qg6+ Kd8 29. Rxf6 Bc6 30. Rf7 Qe8 31. d5 Rc7 32. Bf6+ Be7 33. dxc6 1-0

[Event "Madrid-ch U12"]
[Site "Madrid"]
[Date "2022.04.09"]
[Round "4"]
[White "Lopez Lopez, Pablo"]
[Black "Sanchez Villodres, Mario"]
[Result "1/2-1/2"]
[WhiteElo "1238"]
[BlackElo "1388"]
[PlyCount "58"]
[EventDate "2022.04.02"]
[EventType "swiss"]
[EventRounds "6"]
[EventCountry "ESP"]
[SourceTitle "EXT 2024"]
[Source "ChessBase"]
[SourceDate "2023.10.10"]
[SourceVersion "1"]
[SourceVersionDate "2023.10.10"]
[SourceQuality "1"]

1. d4 e6 2. e4 d5 3. e5 c5 4. c3 Nc6 5. Nf3 Nh6 6. Bd3 cxd4 7. cxd4 Nf5 8. Bxf5 exf5 9. Nc3 Be7 10. Qb3 Bb4 11. 0-0 Bxc3 12. bxc3 0-0 13. Bg5 Qd7 14. Qc2 h6 15. Be3 Qd8 16. Rab1 Rb8 17. Bc1 Be6 18. Ba3 Re8 19. Bd6 Rc8 20. Rxb7 g5 21. Bc5 Ra8 22. Qa4 Qc8 23. Rfb1 Rd8 24. Bd6 Rd7 25. Rxd7 Bxd7 26. Qb3 Be6 27. h3 Qd8 28. Qb7 Qe8 29. Nh2 Rc8 1/2-1/2

[Event "Madrid-ch U12"]
[Site "Madrid"]
[Date "2022.04.03"]
[Round "3"]
[White "Sanchez Villodres, Mario"]
[Black "Morales Clares, Aaron"]
[Result "1-0"]
[WhiteElo "1388"]
[BlackElo "1130"]
[PlyCount "67"]
[EventDate "2022.04.02"]
[EventType "swiss"]
[EventRounds "6"]
[EventCountry "ESP"]
[SourceTitle "EXT 2024"]
[Source "ChessBase"]
[SourceDate "2023.10.10"]
[SourceVersion "1"]
[SourceVersionDate "2023.10.10"]
[SourceQuality "1"]

1. d4 d5 2. c4 e6 3. Nc3 Be7 4. Bf4 Nf6 5. e3 c6 6. Nf3 0-0 7. Bd3 Nbd7 8. 0-0 b6 9. cxd5 cxd5 10. Nb5 Bb7 11. Rc1 a6 12. Bc7 Qe8 13. Nd6 Bxd6 14. Bxd6 Qd8 15. Bxf8 Nxf8 16. Ne5 Qe8 17. Rc7 Rb8 18. Nxf7 N8d7 19. Nd6 Qd8 20. Nxb7 Qxc7 21. Bxa6 Ra8 22. Bd3 Qxb7 23. a3 e5 24. f4 exd4 25. exd4 Qa7 26. g4 h6 27. g5 hxg5 28. fxg5 Nh7 29. h4 Ndf8 30. h5 g6 31. Qf3 Qg7 32. Qxd5+ Kh8 33. Rf7 Qg8 34. Qe5+ 1-0

[Event "Madrid-chT Honor 2122"]
[Site "Madrid"]
[Date "2022.03.06"]
[Round "12.6"]
[White "Gutierrez Diaz, Pablo"]
[Black "Sanchez Villodres, Mario"]
[Result "1-0"]
[WhiteElo "1916"]
[BlackElo "1345"]
[PlyCount "79"]
[EventDate "2021.11.27"]
[EventType "team-tourn"]
[EventRounds "14"]
[EventCountry "ESP"]
[SourceTitle "EXT 2024"]
[Source "ChessBase"]
[SourceDate "2023.10.10"]
[SourceVersion "1"]
[SourceVersionDate "2023.10.10"]
[SourceQuality "1"]
[WhiteTeam "Villalba 64"]
[BlackTeam "San Sebastian de los Reyes"]
[WhiteTeamCountry "ESP"]
[BlackTeamCountry "ESP"]

1. e4 e6 2. d4 d5 3. Nc3 dxe4 4. Nxe4 Bd7 5. c4 Bc6 6. Nc3 Nf6 7. Nf3 Bb4 8. Be2 0-0 9. 0-0 a5 10. Ne5 Qe8 11. Bf3 Bxf3 12. Qxf3 c6 13. Ne2 Nbd7 14. Be3 Nxe5 15. dxe5 Nd7 16. Qg3 Kh8 17. Rad1 f6 18. exf6 Rxf6 19. a3 Be7 20. Qc7 Nc5 21. Ng3 Rf7 22. Qe5 Nd7 23. Qxe6 Nf8 24. Qh3 Ng6 25. Rfe1 Qf8 26. Ne4 Nf4 27. Bxf4 Rxf4 28. g3 Rf3 29. Rd7 Re8 30. Rf1 Bd8 31. Qg4 Rb3 32. Nc5 Rxb2 33. Ne6 Qg8 34. Qxg7+ Qxg7 35. Nxg7 Rg8 36. Ne6 Bb6 37. c5 Ba7 38. Rfd1 Rb3 39. Rf7 Re8 40. Rdd7 1-0

[Event "San Sebastian Constitucion op"]
[Site "San Sebastian de los Reyes"]
[Date "2021.12.10"]
[Round "7"]
[White "Sanchez Villodres, Mario"]
[Black "Manas Carrete, Miguel Angel"]
[Result "1/2-1/2"]
[WhiteElo "1247"]
[BlackElo "1397"]
[PlyCount "134"]
[EventDate "2021.12.04"]
[EventType "swiss"]
[EventRounds "8"]
[EventCountry "ESP"]
[SourceTitle "CBM 206 Extra"]
[Source "ChessBase"]
[SourceDate "2022.03.31"]
[SourceVersion "1"]
[SourceVersionDate "2022.03.31"]
[SourceQuality "1"]

1. d4 d5 2. c4 dxc4 3. e3 Bf5 4. Bxc4 e6 5. Nc3 Nf6 6. Nf3 Nbd7 7. h3 c6 8. Bd2 h6 9. Qe2 Nb6 10. Bb3 Be7 11. 0-0 Qc7 12. Rac1 a6 13. e4 Bg6 14. d5 exd5 15. exd5 Qd6 16. dxc6 bxc6 17. Bc2 Bxc2 18. Rxc2 0-0 19. Ne4 Qc7 20. Nxf6+ Bxf6 21. Qe4 Rac8 22. Rfc1 Rfe8 23. Qxc6 Qd8 24. Qb7 Re7 25. Rxc8 Rxb7 26. Rxd8+ Bxd8 27. Bc3 Na4 28. b3 Nc5 29. Re1 Bb6 30. Bd4 f6 31. Re8+ Kf7 32. Ra8 Ne6 33. Bxb6 Rxb6 34. Ra7+ Kg6 35. g4 Rd6 36. Nh4+ Kg5 37. Nf5 Rd1+ 38. Kg2 g6 39. Ne3 Nf4+ 40. Kg3 Rh1 41. Kf3 Rxh3+ 42. Ke4 Rh2 43. Rxa6 Rxf2 44. b4 Re2 45. Ra5+ f5+ 46. gxf5 Ng2 47. fxg6+ Kxg6 48. Kf3 Rxe3+ 49. Kxg2 Kf6 50. Ra6+ Ke7 51. b5 Kd7 52. Kf2 Rc3 53. a4 Ra3 54. a5 Kc7 55. b6+ Kb8 56. Ra7 Rb3 57. Rc7 Ra3 58. Ra7 Rb3 59. Ke2 h5 60. Rh7 Rb5 61. Ra7 Rb3 62. Kd2 h4 63. Rh7 Rb5 64. Kc3 Rxa5 65. Kb4 Rg5 66. Rxh4 Kb7 67. Rh6 Rf5 1/2-1/2

[Event "San Sebastian Constitucion op"]
[Site "San Sebastian de los Reyes"]
[Date "2021.12.08"]
[Round "5"]
[White "Sanchez Villodres, Mario"]
[Black "Hernandez Sevilla, Alejandro"]
[Result "1/2-1/2"]
[WhiteElo "1247"]
[BlackElo "1444"]
[PlyCount "157"]
[EventDate "2021.12.04"]
[EventType "swiss"]
[EventRounds "8"]
[EventCountry "ESP"]
[SourceTitle "CBM 206 Extra"]
[Source "ChessBase"]
[SourceDate "2022.03.31"]
[SourceVersion "1"]
[SourceVersionDate "2022.03.31"]
[SourceQuality "1"]

1. d4 d5 2. c4 c6 3. Nc3 Nf6 4. cxd5 cxd5 5. e3 e6 6. Nf3 Bb4 7. Qa4+ Nc6 8. Bd2 0-0 9. Bd3 Bd7 10. Qc2 Rc8 11. 0-0 Bxc3 12. bxc3 Nb4 13. Qb1 Nxd3 14. Qxd3 a6 15. Qc2 Ne4 16. Rfc1 b5 17. a3 Qe7 18. Qb2 Rc7 19. h3 Rfc8 20. Ne5 Be8 21. f3 Nd6 22. Nd3 Nc4 23. Qa2 Qg5 24. Nf4 Rd8 25. Qc2 Qe7 26. Qa2 e5 27. dxe5 Qxe5 28. Kf2 Rdc8 29. Nd3 Qf6 30. Nf4 Bc6 31. Qc2 Bb7 32. Be1 Re8 33. Bd2 Nxd2 34. Qxd2 Rec8 35. Ne2 Re8 36. Nd4 Rce7 37. Re1 Qe5 38. a4 bxa4 39. Rxa4 Ra8 40. Nc2 Rc7 41. Nd4 Rc4 42. Ra3 h6 43. Rb3 Qc7 44. Reb1 Bc8 45. Qd3 Ra7 46. Rc1 Rb7 47. Qc2 Bd7 48. Rxb7 Qxb7 49. Rb1 Qc7 50. Ne2 g6 51. Qd2 Be6 52. Ra1 a5 53. Qa2 a4 54. Qa3 Bd7 55. Qe7 Qc8 56. Nf4 Rxc3 57. Nxd5 Rc2+ 58. Kg3 Rd2 59. Nf6+ Kg7 60. Nxd7 Rxd7 61. Qb4 Rd3 62. Qe4 Qc3 63. Rxa4 Rxe3 64. Qd4+ Qxd4 65. Rxd4 Kf6 66. Kf4 Re2 67. g4 g5+ 68. Kg3 Kg6 69. Rd6+ Re6 70. Rd5 f6 71. Rd1 h5 72. gxh5+ Kxh5 73. Rd8 f5 74. Rh8+ Kg6 75. Rg8+ Kh6 76. Rf8 Kg6 77. Rg8+ Kh6 78. Rf8 Re5 79. Rg8 1/2-1/2

[Event "Collado Villalba op 38th"]
[Site "Collado Villalba"]
[Date "2021.08.23"]
[Round "3"]
[White "Davila Duarte, Guillermo"]
[Black "Sanchez Villodres, Mario"]
[Result "1-0"]
[WhiteElo "1542"]
[BlackElo "1294"]
[PlyCount "109"]
[EventDate "2021.08.21"]
[EventType "swiss"]
[EventRounds "9"]
[EventCountry "ESP"]
[SourceTitle "CBM 204 Extra"]
[Source "ChessBase"]
[SourceDate "2021.11.30"]
[SourceVersion "1"]
[SourceVersionDate "2021.11.30"]
[SourceQuality "1"]

1. d4 d5 2. c4 c6 3. cxd5 cxd5 4. Bf4 Nf6 5. Nc3 Bf5 6. Qb3 Qd7 7. Nf3 e6 8. e3 Nc6 9. Ne5 Nxe5 10. dxe5 a6 11. exf6 gxf6 12. Be2 Rg8 13. 0-0 Rh8 14. Rac1 h5 15. Na4 Qe7 16. Rc7 Qb4 17. Qxb4 Bxb4 18. h4 b5 19. Nc3 Bg6 20. a3 Bf8 21. Na2 Kd8 22. Rfc1 Rg8 23. Rb7 e5 24. Bh2 d4 25. exd4 Be4 26. Rxf7 Bd5 27. Rxf8+ Rxf8 28. Nb4 Bb7 29. dxe5 fxe5 30. Bxh5 Rc8 31. Rxc8+ Bxc8 32. Bxe5 Bb7 33. Bg3 Ke7 34. Bf3 Bxf3 35. gxf3 Rxf3 36. Nxa6 Rb3 37. Be5 Rf3 38. Kg2 Rf5 39. f4 Rf8 40. Nc5 Rc8 41. Ne4 Rc2+ 42. Kf3 Kf7 43. Nd6+ Kg8 44. Nxb5 Rc6 45. Nd6 Rb6 46. Ke4 Ra6 47. Kd4 Ra4+ 48. Kc5 Ra8 49. Kb4 Rb8+ 50. Nb5 Rb7 51. a4 Rd7 52. a5 Rd8 53. a6 Ra8 54. a7 Kf7 55. Bb8 1-0

[Event "ESP-ch U10"]
[Site "Salobrena"]
[Date "2021.07.02"]
[Round "8"]
[White "Sanchez Villodres, Mario"]
[Black "Torres Rebolledo, Alvaro"]
[Result "0-1"]
[WhiteElo "1239"]
[BlackElo "1535"]
[PlyCount "56"]
[EventDate "2021.06.28"]
[EventType "swiss"]
[EventRounds "9"]
[EventCountry "ESP"]
[SourceTitle "EXT 2022"]
[Source "ChessBase"]
[SourceDate "2021.10.06"]
[SourceVersion "1"]
[SourceVersionDate "2021.10.06"]
[SourceQuality "1"]

1. e4 e5 2. Nf3 Nc6 3. Nc3 Nf6 4. Bb5 Nd4 5. Bc4 Bc5 6. d3 d6 7. h3 c6 8. 0-0 b5 9. Bb3 a5 10. a3 Nxb3 11. cxb3 0-0 12. Bg5 h6 13. Bh4 Be6 14. Re1 Kh8 15. Qc2 g5 16. Bg3 Nh5 17. Bh2 Qf6 18. Rf1 Bxh3 19. Nxe5 dxe5 20. gxh3 Nf4 21. Bxf4 gxf4 22. Kh1 Qh4 23. Kh2 f3 24. Qd2 Rg8 25. Rg1 Bxf2 26. Raf1 Bg3+ 27. Rxg3 Qxg3+ 28. Kh1 Qxh3+ 0-1

[Event "Madrid-ch U10"]
[Site "Madrid"]
[Date "2021.04.24"]
[Round "4"]
[White "Morales Clares, Aaron"]
[Black "Sanchez Villodres, Mario"]
[Result "1-0"]
[WhiteElo "1036"]
[BlackElo "1222"]
[PlyCount "107"]
[EventDate "2021.04.17"]
[EventType "swiss"]
[EventRounds "5"]
[EventCountry "ESP"]
[SourceTitle "EXT 2023"]
[Source "ChessBase"]
[SourceDate "2022.10.05"]
[SourceVersion "1"]
[SourceVersionDate "2022.10.05"]
[SourceQuality "1"]

1. d4 d5 2. c4 Nc6 3. cxd5 Qxd5 4. e3 e5 5. Nc3 Bb4 6. a3 Bxc3+ 7. bxc3 exd4 8. exd4 Nf6 9. Nf3 h6 10. c4 Qd8 11. d5 Ne7 12. Be2 0-0 13. 0-0 Ng6 14. Re1 Bd7 15. a4 Re8 16. Ba3 Qc8 17. Rc1 Bg4 18. c5 Rd8 19. d6 c6 20. h3 Bd7 21. Bc4 Rf8 22. Qb3 Be8 23. Rb1 Bd7 24. Qxb7 Qd8 25. Qc7 Qc8 26. Qxc8 Bxc8 27. Bb2 Nh5 28. Ne5 Nxe5 29. Bxe5 Nf6 30. Bxf6 gxf6 31. Rbd1 Bd7 32. Re7 Rad8 33. Rd3 Bf5 34. Rf3 Bg6 35. Rxf6 Kg7 36. Rf3 Ra8 37. Rc7 Rab8 38. d7 Kh8 39. Ba6 Rb1+ 40. Kh2 Be4 41. Rg3 Kh7 42. Rc8 Rb8 43. Re3 Rg8 44. Rxe4 Rbxc8 45. Bxc8 Rd8 46. Re8 Rxd7 47. Bxd7 Kg7 48. Ra8 Kf6 49. Rxa7 Ke5 50. Rc7 f6 51. a5 Kd4 52. a6 Kxc5 53. a7 Kb6 54. a8Q 1-0

[Event "San Sebastian Reyes op"]
[Site "San Sebastian de los Reyes"]
[Date "2020.12.09"]
[Round "5"]
[White "Solanilla Olcese, Alejandro"]
[Black "Sanchez Villodres, Mario"]
[Result "0-1"]
[WhiteElo "1001"]
[BlackElo "1178"]
[PlyCount "64"]
[EventDate "2020.12.05"]
[EventType "swiss"]
[EventRounds "9"]
[EventCountry "ESP"]
[SourceTitle "EXT 2022"]
[Source "ChessBase"]
[SourceDate "2021.10.06"]
[SourceVersion "1"]
[SourceVersionDate "2021.10.06"]
[SourceQuality "1"]

1. e4 e6 2. d4 d5 3. e5 c5 4. c3 Nc6 5. Nf3 Qb6 6. Nbd2 cxd4 7. cxd4 Nxd4 8. Qa4+ Nc6 9. Bd3 Bd7 10. Bb5 Bc5 11. 0-0 a6 12. Bxc6 Bxc6 13. Qg4 g6 14. Nb3 Bb5 15. Re1 Bxf2+ 16. Kh1 Bxe1 17. Nxe1 Qf2 18. Qd4 Qxe1+ 19. Qg1 Qxe5 20. Bd2 Qxb2 21. Qd4 Qxd4 22. Nxd4 Ne7 23. Nxb5 axb5 24. h3 0-0 25. Bb4 Rfe8 26. a3 Nc6 27. Bc5 e5 28. Rb1 b6 29. Bxb6 Rxa3 30. Rxb5 Ra1+ 31. Kh2 e4 32. Rxd5 e3 0-1

[Event "San Sebastian Reyes op"]
[Site "San Sebastian de los Reyes"]
[Date "2020.12.08"]
[Round "4"]
[White "Sanchez Villodres, Mario"]
[Black "Pulido Vargas, Marco Antonio"]
[Result "1/2-1/2"]
[WhiteElo "1178"]
[BlackElo "1260"]
[PlyCount "88"]
[EventDate "2020.12.05"]
[EventType "swiss"]
[EventRounds "9"]
[EventCountry "ESP"]
[SourceTitle "EXT 2022"]
[Source "ChessBase"]
[SourceDate "2021.10.06"]
[SourceVersion "1"]
[SourceVersionDate "2021.10.06"]
[SourceQuality "1"]

1. e4 c6 2. d4 d5 3. exd5 cxd5 4. Nf3 Nf6 5. Nc3 e6 6. Bg5 Be7 7. Bb5+ Nc6 8. Ne5 0-0 9. Bxc6 bxc6 10. Nxc6 Qd7 11. Ne5 Qb7 12. b3 Bb4 13. Bd2 Ne4 14. Nxe4 dxe4 15. 0-0 Bxd2 16. Qxd2 f6 17. Nc4 Qc7 18. d5 Ba6 19. dxe6 Bxc4 20. bxc4 Qxc4 21. e7 Rfe8 22. Qd6 Qf7 23. Rfe1 Qxe7 24. Qg3 Qe5 25. Qb3+ Qe6 26. Rxe4 Qxb3 27. Rxe8+ Rxe8 28. axb3 Re2 29. Rc1 Kf7 30. Kf1 Re5 31. c4 Ke6 32. Re1 Rxe1+ 33. Kxe1 Kd6 34. Kd2 Kc5 35. Kc3 a5 36. Kd3 f5 37. f4 g6 38. h4 h5 39. g3 Kb4 40. c5 Kxc5 41. Kc3 Kb5 42. Kc2 Kc5 43. Kc3 Kb5 44. Kc2 Kc5 1/2-1/2

[Event "De los Reyes op 21st"]
[Site "De los Reyes"]
[Date "2019.12.04"]
[Round "5"]
[White "Campos Rodriguez, Alvaro"]
[Black "Sanchez Villodres, Mario"]
[Result "1-0"]
[WhiteElo "1691"]
[BlackElo "1187"]
[PlyCount "109"]
[EventDate "2019.11.30"]
[EventType "swiss"]
[EventRounds "9"]
[EventCountry "ESP"]
[SourceTitle "CBM 193 Extra"]
[Source "ChessBase"]
[SourceDate "2020.01.31"]
[SourceVersion "1"]
[SourceVersionDate "2020.01.31"]
[SourceQuality "1"]

1. e4 e6 2. Qe2 d5 3. exd5 Qxd5 4. Nc3 Qd7 5. g3 Bc5 6. Bg2 Nf6 7. Nf3 0-0 8. Ne5 Qd6 9. 0-0 Bd4 10. Nc4 Qd7 11. Ne5 Bxe5 12. Qxe5 Ng4 13. Qe2 Nf6 14. d3 Nc6 15. Bg5 Nd4 16. Qd2 Qd8 17. Ne4 Nxe4 18. dxe4 f6 19. Be3 Nc6 20. Qc3 Ne5 21. h3 Bd7 22. f4 Nf7 23. Rad1 Nd6 24. Bc5 Qe7 25. e5 fxe5 26. fxe5 Rxf1+ 27. Bxf1 Qd8 28. exd6 cxd6 29. Bxd6 Rc8 30. Qb3 b6 31. Bc4 Qf6 32. Bf4 Rd8 33. Bxe6+ Bxe6 34. Rxd8+ Qxd8 35. Qxe6+ Kh8 36. Qd6 Qxd6 37. Bxd6 Kg8 38. c4 Kf7 39. Bb8 a6 40. a4 Ke6 41. Ba7 Kd6 42. Bxb6 Kc6 43. Bd4 g6 44. b4 h5 45. Kf2 Kd6 46. b5 axb5 47. cxb5 Kc7 48. a5 Kb7 49. a6+ Ka8 50. b6 g5 51. b7+ Kb8 52. Be5+ Ka7 53. b8Q+ Kxa6 54. Bc7 g4 55. Qb6# 1-0